000 00599nam a2200229Ia 4500
003 OSt
005 20221007071554.0
006 a|||||r|||| 00| 0
007 ta
008 221006b |||||||| |||| 00| 0 eng d
024 _a10,896
037 _cTextual
040 _aFLL
_cFLL
_beng
041 _2eng
_aeng
082 _aR41, L5
100 _aOakeshott Michael Au.
_9689025
245 0 _aOn human conduct
260 _aLondon
_bClarendon press oxford London
_c1975
300 _a326p
_ccm.
942 _hR41, L5
_cTEXL
_2CC
999 _c1143718
_d1143718